=LDR 00000nam 2200000 4500 =001 NUTBA000000000001038 =005 20140408164531.0 =006 =007 =008 =035 ##$$a 0010-041400000000308 =082 ##$$a 028.5 =100 ##$$a Kyeol,han =245 ##$$a eq biografi albert einstein =250 ##$$a pertama =260 ##$$a jakarta $b PT. Gramedia $c 2009 =300 ##$$a 159 hlm =850 ##$$a NBPDMAT